000
00284nam a22001217a 4500
008
170714b xxu||||| |||| 00| 0 eng d
041
_a
eng
080
_a
101
100
_a
24
101
_a
FIL
245
_a
MAN IN NOT ALONE: A PHILOSOPHY OF RELIGION
_c
HESCHEL, A.J
942
_2
udc
_c
BK
999
_c
20818
_d
20818